| 000 | 00652nam a2200241 a 4500 | ||
|---|---|---|---|
| 001 | 72147 | ||
| 003 | BD-RjUL | ||
| 005 | 20211209082222.0 | ||
| 008 | 170514s1976 ii 000 0 eng d | ||
| 020 | _cRs20.00 | ||
| 035 | _a(BD-RjUL)72363 | ||
| 040 |
_aDLC _cDLC _dBD-RjUL _beng |
||
| 041 | 1 |
_aeng _hper |
|
| 082 | 0 | 0 |
_223 _a891.551 _bBOR 1976 |
| 100 | 1 |
_aBose, A. C. _9213377 |
|
| 245 | 1 | 0 |
_aRubaiyat-i-Omar Khayyam / _cby A. C. Bose. |
| 260 |
_aCalcutta : _bMrs. A. L. Mitter, _c1976. |
||
| 300 |
_ax, 132 p. ; _c25 cm. |
||
| 650 |
_aPersian literature. _9213378 |
||
| 650 |
_aPersian poetry _9213508 |
||
| 942 |
_2ddc _cBK |
||
| 999 |
_c72147 _d72147 |
||